Harry Potter: le Salon de Thé de Madame Pieddodu - Statistiques

Statistiques générales
  • Ce quiz a été pris 38 fois
  • Le résultat moyen est 6 sur 6
Statistiques - réponses
Information Réponses % Correct
Dernière apparition Harry Potter et le Prince de Sang-Mêlé
97%
Première apparition Harry Potter et l'Ordre du Phénix
97%
Pays Royaume-Uni
97%
Nation Ecosse
94%
Propriétaire Mme Pieddodu
91%
Ville Pré-au-Lard
91%
Aucun quiz correspondant
Distribution des résultats
% des personnes avec chaque résultat
Percentile par nombre de réponses
Votre historique - résultats
Vous n’avez pas pris ce quiz